|
|
|
|
| LEADER |
03168nam a22004095i 4500 |
| 001 |
978-3-662-47412-9 |
| 003 |
DE-He213 |
| 005 |
20160112061628.0 |
| 007 |
cr nn 008mamaa |
| 008 |
150612s2016 gw | s |||| 0|eng d |
| 020 |
|
|
|a 9783662474129
|9 978-3-662-47412-9
|
| 024 |
7 |
|
|a 10.1007/978-3-662-47412-9
|2 doi
|
| 040 |
|
|
|d GrThAP
|
| 100 |
1 |
|
|a Chen, Zhao.
|e author.
|
| 245 |
1 |
0 |
|a Toward Balanced Growth with Economic Agglomeration
|h [electronic resource] :
|b Empirical Studies of China's Urban-Rural and Interregional Development /
|c by Zhao Chen, Ming Lu.
|
| 264 |
|
1 |
|a Berlin, Heidelberg :
|b Springer Berlin Heidelberg :
|b Imprint: Springer,
|c 2016.
|
| 300 |
|
|
|a VII, 138 p. 21 illus.
|b online resource.
|
| 336 |
|
|
|a text
|b txt
|2 rdacontent
|
| 337 |
|
|
|a computer
|b c
|2 rdamedia
|
| 338 |
|
|
|a online resource
|b cr
|2 rdacarrier
|
| 347 |
|
|
|a text file
|b PDF
|2 rda
|
| 505 |
0 |
|
|a Introduction -- Urban-rural integration and spatial agglomeration during urbanization in China -- How should China maintain growth while balancing regional development -- Globalization and Regional Income Inequality in China -- Economic Opening and Domestic Market Integration -- Urban-rural Inequality and regional economic growth in China.
|
| 520 |
|
|
|a This book explains the relationships between equality and efficiency, as well as between government and market, in urban-rural and regional development by providing theoretical frameworks and empirical evidence. Urban-rural development in China is understood from a regional perspective, while the core issue of urban-rural and regional development is cross-regional resource reallocation driven by the trends of globalization, marketization and urbanization and their influence on growth and inequality. The book puts forward the following arguments: An urban-rural and regional balance should not be achieved by limiting agglomeration effects in eastern regions. For some time now, China has lacked a suitable mechanism to enable residents in underdeveloped and rural areas to share in the achievements of economic agglomeration. As a result, China should not slow down economic agglomeration and development in eastern regions simply by depending on administrative means to balance urban-rural and regional development. In the final analysis, arriving at a regional balance depends on growth in the eastern regions, provided a reasonable mechanism is implemented to enable inland areas to share in the development achievements of eastern regions. In turn, finding an urban-regional balance rests on urban development, as long as more rural workers can move to and prosper in cities.
|
| 650 |
|
0 |
|a Economics.
|
| 650 |
|
0 |
|a Economic policy.
|
| 650 |
|
0 |
|a Economic growth.
|
| 650 |
1 |
4 |
|a Economics/Management Science.
|
| 650 |
2 |
4 |
|a Economic Growth.
|
| 650 |
2 |
4 |
|a Economic Systems.
|
| 650 |
2 |
4 |
|a Economic Policy.
|
| 700 |
1 |
|
|a Lu, Ming.
|e author.
|
| 710 |
2 |
|
|a SpringerLink (Online service)
|
| 773 |
0 |
|
|t Springer eBooks
|
| 776 |
0 |
8 |
|i Printed edition:
|z 9783662474112
|
| 856 |
4 |
0 |
|u http://dx.doi.org/10.1007/978-3-662-47412-9
|z Full Text via HEAL-Link
|
| 912 |
|
|
|a ZDB-2-ECF
|
| 950 |
|
|
|a Economics and Finance (Springer-41170)
|